|
|
|
|
| LEADER |
01374nam a2200385 a 4500 |
| 001 |
EBC743051 |
| 003 |
MiAaPQ |
| 005 |
20200520144314.0 |
| 006 |
m o d | |
| 007 |
cr cn||||||||| |
| 008 |
910619s1991 enka sb 001 0 eng d |
| 010 |
|
|
|z 91025711
|
| 020 |
|
|
|z 0485900025
|
| 020 |
|
|
|z 9780485900026
|
| 035 |
|
|
|a (MiAaPQ)EBC743051
|
| 035 |
|
|
|a (Au-PeEL)EBL743051
|
| 035 |
|
|
|a (CaPaEBR)ebr10490016
|
| 035 |
|
|
|a (CaONFJC)MIL320009
|
| 035 |
|
|
|a (OCoLC)893335888
|
| 040 |
|
|
|a MiAaPQ
|c MiAaPQ
|d MiAaPQ
|
| 050 |
|
4 |
|a AM5
|b .M923 1991
|
| 082 |
0 |
4 |
|a 069.1
|2 20
|
| 245 |
0 |
0 |
|a Museum economics and the community
|h [electronic resource] /
|c edited by Susan Pearce.
|
| 260 |
|
|
|a London ;
|a Atlantic Highlands, NJ :
|b Athlone Press,
|c 1991.
|
| 300 |
|
|
|a vi, 219 p. :
|b ill.
|
| 490 |
1 |
|
|a New research in museum studies ;
|v 2
|
| 504 |
|
|
|a Includes bibliographical references and index.
|
| 533 |
|
|
|a Electronic reproduction. Ann Arbor, MI : ProQuest, 2015. Available via World Wide Web. Access may be limited to ProQuest affiliated libraries.
|
| 650 |
|
0 |
|a Museums.
|
| 650 |
|
0 |
|a Museums
|x Economic aspects.
|
| 655 |
|
4 |
|a Electronic books.
|
| 700 |
1 |
|
|a Pearce, Susan M.
|
| 710 |
2 |
|
|a ProQuest (Firm)
|
| 830 |
|
0 |
|a New research in museum studies ;
|v 2.
|
| 856 |
4 |
0 |
|u https://ebookcentral.proquest.com/lib/matrademy/detail.action?docID=743051
|z Click to View
|